| 000 | 01327nam a2200313 i 4500 | ||
|---|---|---|---|
| 999 |
_c65204 _d65204 |
||
| 001 | 768714001 | ||
| 003 | CO-MdFUSB | ||
| 005 | 20190917131506.0 | ||
| 008 | 190911t2016 si |||| |||| 00| 0 eng d | ||
| 020 | _a9789832762171 | ||
| 040 |
_aCO-MdFUSB _bspa _cCO-MdFUSB _dCO-MdFUSBC _erda |
||
| 041 | _aeng | ||
| 082 |
_223 _aG 223.207 _bB255 |
||
| 100 |
_aBarker, Paul. _eautor |
||
| 245 | 1 |
_aSongs for troubled times : _ban expositions of Psalms _c/ Paul Barker ; Peter H. W. Lau. |
|
| 264 | 1 |
_aSingapur : _bPustaka Sufes SDN. BHD, _c[2016] |
|
| 264 | 4 | _c© 2016 | |
| 300 |
_a102 páginas _c; 22 cm. |
||
| 336 |
_2rdacontent _atexto _btxt |
||
| 337 |
_2rdamedia _asin mediación _bn |
||
| 338 |
_2rdacarrier _avolumen _bnc |
||
| 505 | _aEl alegre corazón de la alegría. (Salmo 16). -- ¿Dónde está Dios en mi dolor? (Salmos 42-43). -- Cuando el mal oprime al pueblo de Dios. (Salmos 69). -- ¿Dios es bueno? (Salmos 73). -- La vid de Dios: Restaurarnos de nuevo. (Salmos 80). -- El lugar seguro. (Salmos 91). -- Por qué debemos dar gracias a Dios. (Salmos 136). -- Trayendo nuestra ira a Dios. (Salmos 137). | ||
| 563 | _aRústico | ||
| 630 | 7 |
_aBiblia. _pSalmos _xCrítica, interpretación, etc. |
|
| 650 | 0 |
_91842 _aComentarios Bíblicos |
|
| 700 |
_92397 _aLau, Peter H.W. _eautor |
||
| 942 | _cBK | ||
| 945 | _aJTF-925 | ||